Groups of 3 - Statistics

General Stats
  • This quiz has been taken 137 times
    117 since last reset
  • The average score is 17 of 27
Answer Stats
Hint Answer % Correct
3 Primary Colors Blue
98%
3 Primary Colors Red
98%
3 Primary Colors Yellow
98%
3 Countries starting with the letter J Jamaica
89%
3 Countries starting with the letter J Japan
89%
3 Members of the Holy Trinity Father
88%
3 Countries starting with the letter J Jordan
87%
3 Members of the Holy Trinity Son
87%
3 Official Languages of Belgium French
86%
3 Members of the Holy Trinity Holy Spirit
85%
3 Official Languages of Belgium German
79%
3 Biggest Abrahamic Religions Islam
79%
3 Official Languages of Belgium Dutch
76%
3 Biggest Abrahamic Religions Judaism
76%
3 Biggest Abrahamic Religions Christianity
74%
3 Types of Triangles Isosceles
72%
3 Goddesses judged by Paris Athena
60%
3 Types of Triangles Equilateral
60%
3 Goddesses judged by Paris Aphrodite
57%
3 Goddesses judged by Paris Hera
49%
3 Stages of Ancient Rome Empire
39%
3 Types of Triangles Scalene
38%
3 Stages of Ancient Rome Republic
34%
3 Stages of Ancient Rome Kingdom
25%
3 Degrees of Comparison Comparative
12%
3 Degrees of Comparison Superlative
12%
3 Degrees of Comparison Positive
5%
No matching quizzes found
Score Distribution
Percent of People with Each Score
Percentile by Number Answered
Your Score History
You have not taken this quiz since the last reset